| 000 | 00823nam a22002057a 4500 | ||
|---|---|---|---|
| 999 |
_c59421 _d59421 |
||
| 003 | Ge_BSU | ||
| 005 | 20230215101051.0 | ||
| 008 | 230215s2001 ge ||||| |||| 00| 0 geo d | ||
| 020 | _a9992822821 | ||
| 041 | _ageo | ||
| 080 | _a341.231.14 ს-16 | ||
| 100 |
_aსავანელი, ბიძინა _913044 |
||
| 245 |
_aადამიანის საყოველთაო უფლებათა სამართალი / _cბიძინა სავანელი. |
||
| 264 |
_aთბილისი : _bმერიდიანი, _c2001. |
||
| 300 |
_a339 გვ. ; _b20 სმ. |
||
| 504 | _aბიბლიოგრ.: გვ. 326-328. | ||
| 653 | _aადამიანის ძირითადი უფლებები | ||
| 653 | _aსამართალი | ||
| 942 |
_2udc _cBK |
||